00431nam a2200121Ia 4500008004100000100002300041245006900064245002500133260000900158856005000167999001900217952007300236160531s9999 xx 000 0 und d aFranklin, Sarah B. aBiological Relatives: IVF, Stem Cells, and the Future of Kinship cby Sarah B. Franklin c2013 uhttp://www.oapen.org/search?identifier=469257 c295387d295387 001040aCLbCLd2016-05-31l0r2016-05-31 00:00:00w2016-05-31yCBE